LEADER 01158nam a2200265 i 4500 001 000000064841 003 CaOOAMICUS 005 20131021000000.0 008 131021s1982 xx u000 u fre u 013 $a36013 020 $a2-204-01802-3 040 $aSeMil$bita 100 1 $aCalloud, Jean.$0(OLS)http://semarc/name/32639 245 13$aLa première Épître de Pierre :$banalyse sémiotique /$cJean Calloud, François Genuyt. 260 $aParis :$bLes Éditions du Cerf,$ccopyr. 1982. 300 $a214 p. ;$c22 cm. 490 0 $aLectio Divin [Cerf]v109 650 4$aBibbia - NT - Lettere di Pietro 1-2.$0(OLS)http://semarc/subject/5487 700 1 $aGenuyt, François <1925- >.$0(OLS)http://semarc/name/16121 830 0$aLectio divina ;$v109.$0(OLS)http://semarc/title/8 850 $aSeMil 852 $aSeMil$W1$xVenegono$y1$m2WA K 109$j30994$B30994$CSeMilBibl$Z2$F30997 $81 996 $6020$a2-204-01802-3$9(OLS)http://semarc/number/41953 996 $6245$aLa première Épître de Pierre :$banalyse sémiotique$9(OLS)http://semarc/title/102798 996 $6260$aParis :$bLes Éditions du Cerf$9(OLS)http://semarc/publisher/29611 LEADER 00850nam a2200217 i 4500 001 000000069428 003 CaOOAMICUS 005 20100819000000.0 008 100819s1954 it u000 u ita u 013 $a40600 040 $aSeMil$bita 100 1 $aBellezza, Vito A.$0(OLS)http://semarc/name/30427 245 10$aVol. 6: L'esistenzialismo positivo di Giovanni Gentile /$cVito A. Bellezza. 260 $aFirenze :$bSansoni,$c1954. 300 $a192 p. ;$c25 cm. 773 0 $tGiovanni Gentile.$dFirenze : Sansoni, 1949.$g6$w()352 850 $aSeMil 852 $aSeMil$W1$xVenegono$y1$m2O V 146$j35581$B35581$CSeMilBibl$Z2$F35584 $81 961 $aAcquisto: Casa editrice 996 $6245$aVol. 6: L'esistenzialismo positivo di Giovanni Gentile$9(OLS)http://semarc/title/111143 996 $6260$aFirenze :$bSansoni$9(OLS)http://semarc/publisher/29843